00235nam a2200097Ia 4500008004100000100001700041245003800058250000800096260002500104300000800129191201s2008 xx 000 0 und d aRAJARAMAN, V 0aComputer basics and C programming aRep c2008bPHIaNEW DELHI a431